000 00342nam a22001457a 4500
003 SGT
020 _a9788131233429
082 _a617.66
_bH18M
100 _aMalamed, F.
245 _aHandbook of Local Anesthesia
260 _aNEW DELHI
_bElsevier India
_c2018
300 _a405
650 _aAnesthesia, Oral Surgery
942 _2ddc
_cBK
_0194
999 _c15603
_d15603